000
00259nam a2200097Ia 4500
008
230907s9999||||xx |||||||||||||| ||und||
082
_a
620.135,CEM
245
0
_a
Cement-based materials for nuclear waste storage /
300
_a
xviii, 264 pages :
942
_c
BK
999
_c
597651
_d
597651